SHIMMY DURANTE O POUSO - Statistics

Estatísticas Gerais
  • Esse quiz foi jogado 306 vezes
  • A pontuação média é 5 de 7
Estatísticas das Respostas
Hint Resposta % Correto
1 Verificar gases totalmente reduzidos
94%
2 Aliviar bequilha, manche para trás
86%
5 Cessado o shimmy, usar freios normalmente
81%
4 Deixar o shimmy cessar naturalmente
75%
3 Não utilizar os freios
69%
OBS Se a pane persistir mesmo após procedimentos previstos já realizados e velocidade abaixo de 50kt, cortar motor pela mistura; se perceber que a bequilha vai recolher, tentar pôr hélice na horizontal pelo interruptor de partida.
67%
6 Informar que a aeronave está em pane
61%
Nenhum quiz correspondente encontrado
Distribuição das Pontuações
Porcentagem de Pessoas com Cada Pontuação
Percentil de Números Respondidos
Sua Pontuação Histórica
Você não jogou esse quiz